00393nam a22001457a 4500008004100000020003200041041000800073082002200081100002300103245001800126260005300144300000900197650002200206650001900228000000b xxu||||| |||| 00| 0 und d a978-9937-523-21-9cRs.60.00 aNep aN895.5131bDh116s aDhakal, Ghanashyam aSahidko salik aKathmandubVivek Sirjanshil Prakashanc2066 B.S. a88p. aNepali literature aNepali stories